[Event "4NCL/Div4/GUI5 vs. WOB"]
[Site "Wokefield Park ENG"]
[Date "2008.05.05"]
[Round "11.5"]
[White "Williams, Peter A"]
[Black "Parry, Matthew"]
[Result "1-0"]
[WhiteElo "1842"]
[BlackElo "1855"]
[PlyCount "83"]
[EventDate "2008.05.05"]
[SourceDate "2007.09.15"]

1. d4 d5 2. c4 c6 3. Nc3 Nf6 4. Nf3 e6 5. Bg5 dxc4 6. a4 h6 7. Bh4 g5 8. Bg3
Bb4 9. e3 Ne4 10. Qc2 Nxg3 11. hxg3 b5 12. axb5 cxb5 13. Be2 Bb7 14. Ne5 Nd7
15. Nxd7 Qxd7 16. O-O Bxc3 17. Qxc3 Rh7 18. f4 a6 19. Bf3 Bxf3 20. gxf3 gxf4
21. gxf4 Rg7+ 22. Kf2 Qe7 23. Rh1 Qf6 24. Rag1 Rxg1 25. Rxg1 Qh4+ 26. Kf1 Kd7
27. Qc2 Qh3+ 28. Kf2 f5 29. Qc3 Qh4+ 30. Kf1 Qe7 31. d5 Rf8 32. Qd4 Kc8 33. Rg7
Rf7 34. d6 Qb7 35. Qc5+ Kd8 36. Rxf7 Qxf3+ 37. Ke1 Qg3+ 38. Kd2 Qf2+ 39. Kc3
Qe1+ 40. Kd4 Qd2+ 41. Ke5 Qxb2+ 42. Kxe6 1-0

[Event "4NCL/Div4/WOB vs. LIT2"]
[Site "Wokefield Park ENG"]
[Date "2008.05.06"]
[Round "11.2"]
[White "Vaughan, David"]
[Black "Turvey, Steven"]
[Result "1/2-1/2"]
[WhiteElo "2043"]
[BlackElo "1915"]
[PlyCount "50"]
[EventDate "2008.05.05"]
[EventType "team"]
[EventRounds "11"]
[EventCountry "ENG"]
[SourceDate "2007.09.15"]

1. e4 e5 2. f4 exf4 3. Bc4 Qh4+ 4. Kf1 d6 5. d4 Be6 6. d5 Bg4 7. Nf3 Nd7 8. Bb5
a6 9. Bxd7+ Kxd7 10. Nc3 Bxf3 11. Qxf3 Nf6 12. Bxf4 Qg4 13. Kf2 Re8 14. Rhf1
Qxf3+ 15. Kxf3 h6 16. h3 g5 17. Be3 Bg7 18. Ke2 Re7 19. Kd3 Rhe8 20. Bd4 Nh5
21. Bxg7 Nxg7 22. g4 h5 23. Rf6 hxg4 24. hxg4 Rh8 25. Raf1 Rh3+ 1/2-1/2

[Event "4NCL/Div4/WOB vs. LIT2"]
[Site "Wokefield Park ENG"]
[Date "2008.05.06"]
[Round "11.4"]
[White "Farrall, David J"]
[Black "Zhu, Yao Yao"]
[Result "1/2-1/2"]
[WhiteElo "1802"]
[BlackElo "1997"]
[PlyCount "58"]
[EventDate "2008.05.05"]
[EventType "team"]
[EventRounds "11"]
[EventCountry "ENG"]
[SourceDate "2007.09.15"]

1. e4 c5 2. Nc3 Nc6 3. g3 g6 4. Bg2 Bg7 5. f4 d6 6. Nf3 Nh6 7. d3 O-O 8. O-O
Rb8 9. h3 f5 10. Kh2 b5 11. Ng5 Nd4 12. Ne2 Nxe2 13. Qxe2 Kh8 14. c3 b4 15. Bd2
bxc3 16. Bxc3 Bxc3 17. bxc3 e5 18. exf5 exf4 19. gxf4 Bxf5 20. Qd2 Qb6 21. Rfe1
Rfe8 22. Rxe8+ Rxe8 23. Re1 Qd8 24. c4 Rxe1 25. Qxe1 Qf8 26. Qc3+ Qg7 27. Qa5
Qd7 28. Qc3+ Qg7 29. Qa5 Qd7 1/2-1/2

[Event "4NCL/Div4/LIT2 vs. GUI5"]
[Site "Wokefield Park ENG"]
[Date "2008.05.05"]
[Round "11.1"]
[White "Mapletoft, Alexander J"]
[Black "Deswarte, Ian"]
[Result "0-1"]
[WhiteElo "1865"]
[BlackElo "1935"]
[PlyCount "60"]
[EventDate "2008.05.05"]
[SourceDate "2007.09.15"]

1. e4 c5 2. Nf3 Nc6 3. d4 cxd4 4. Nxd4 Nf6 5. Nc3 e5 6. Ndb5 d6 7. Bg5 a6 8.
Na3 b5 9. Nd5 Be7 10. Bxf6 Bxf6 11. c3 O-O 12. Qf3 Bg5 13. h4 Bh6 14. g4 f6 15.
Be2 Ne7 16. Nc2 Nxd5 17. exd5 Qe7 18. Ne3 Bxe3 19. Qxe3 f5 20. gxf5 Bxf5 21.
O-O-O Rac8 22. Rdg1 Qb7 23. Bf3 b4 24. Be4 Bxe4 25. Qxe4 bxc3 26. bxc3 Rxc3+
27. Kd1 Rf4 28. Qg2 Qb1+ 29. Kd2 Qd3+ 30. Ke1 Rc1# 0-1

[Event "4NCL/Div4/LIT2 vs. GUI5"]
[Site "Wokefield Park ENG"]
[Date "2008.05.05"]
[Round "11.3"]
[White "Quinn, Joseph"]
[Black "Zitha, Ben"]
[Result "0-1"]
[WhiteElo "1834"]
[BlackElo "1847"]
[PlyCount "48"]
[EventDate "2008.05.05"]
[SourceDate "2007.09.15"]

1. e4 c5 2. Nf3 d6 3. d4 cxd4 4. Nxd4 Nf6 5. Nc3 a6 6. Be3 e5 7. Nb3 Be7 8. Qd2
Be6 9. O-O-O b5 10. f3 O-O 11. g4 b4 12. Na4 Nbd7 13. Bg5 Qc7 14. Bxf6 Nxf6 15.
Qxb4 Rfc8 16. Qd2 Nxe4 17. Qe2 Nf6 18. Nc3 d5 19. g5 Nh5 20. h4 Ng3 21. Qh2
Nxh1 22. Bd3 e4 23. Qxc7 Rxc7 24. fxe4 Nf2 0-1

[Event "4NCL/Div4/repaired - friendly"]
[Site "Wokefield Park ENG"]
[Date "2008.05.05"]
[Round "11"]
[White "Lai, Yi Ming"]
[Black "Payne, Louis"]
[Result "1-0"]
[WhiteElo "1765"]
[BlackElo "1460"]
[PlyCount "71"]
[EventDate "2008.05.05"]
[EventType "game"]
[EventCountry "ENG"]
[SourceDate "2007.09.15"]

1. e4 e6 2. d4 d5 3. Nc3 Bb4 4. Bd3 c5 5. dxc5 Bxc5 6. Bb5+ Nc6 7. exd5 a6 8.
Bxc6+ bxc6 9. dxc6 Qxd1+ 10. Nxd1 Ne7 11. Be3 Bd6 12. Ne2 Nxc6 13. O-O O-O 14.
c4 f5 15. Ndc3 f4 16. Bb6 f3 17. Nd4 Nxd4 18. Bxd4 fxg2 19. Kxg2 Bb7+ 20. f3
Rf5 21. Ne4 Bf4 22. Nc5 Bc8 23. Rae1 e5 24. Be3 Rh5 25. Rh1 Rb8 26. b3 Rb6 27.
Bxf4 exf4 28. Re8+ Kf7 29. Rxc8 Rd6 30. Rc7+ Kg8 31. Ne4 Rd4 32. Re1 Re5 33.
Rc8+ Kf7 34. Nd6+ Ke6 35. Re8+ Kxd6 36. R1xe5 1-0